000 01053nam a2200217Ia 4500
999 _c34114
_d34114
003 OSt
005 20210624124353.0
008 160316s2013 xxu||||| |||| 00| 0 eng d
020 _a9781107011083
040 _cn
082 _a343.099450
_bDIN
100 _aDinniss Heather Harrison
245 _aCyber warfare and the laws of war
260 _aCambridge
_bCambridge University Press
_c2013
300 _a331p
_cxvi
365 _bRs. 5,720
505 _aTable of contents 1. The world in which we live and fight; 2. Computer network attacks as a use of force in international law; 3. Armed attack and response in the digital age; 4. The applicability of the laws of armed conflict to computer network attacks; 5. Participants in conflict: combatant status, direct participation and computer network attack; 6. Targeting and precautions in attack; 7. Measures of special protection; 8. Means and methods of warfare.
650 _a1. Cyberterrorism 2. Information Warfare - International 3. War
700 _a
_a
942 _2ddc
_cBK